| 000 | 00549nam a2200193Ia 4500 | ||
|---|---|---|---|
| 999 |
_c31956 _d31956 |
||
| 003 | OSt | ||
| 005 | 20200727105757.0 | ||
| 008 | 190216s9999||||xx |||||||||||||| ||und|| | ||
| 020 | _a9789812438607 | ||
| 040 | _coclc | ||
| 082 |
_a512.5 _bSTR/L |
||
| 100 |
_aStrang, Gilbert _93764 |
||
| 245 | 0 |
_aLinear Algebra And Its Applications / _cGilbert Strang |
|
| 250 | _a3rd Ed. | ||
| 260 |
_bThomson Books/Cole, _aAustralia: _c2005. |
||
| 300 | _a505p | ||
| 650 | _aMathematics | ||
| 942 |
_cBK _2ddc _h512.5 _iSTR/L _k512.5 _mSTR/L |
||